| 000 -CABECERA |
| fixed length control field |
01491nam a22002777a 4500 |
| 003 - IDENTIFICADOR DEL NÚMERO DE CONTROL |
| control field |
AR-CdUCM |
| 008 - DATOS DE LONGITUD FIJA--INFORMACIÓN GENERAL |
| fixed length control field |
190313b ||||| |||| 00| 0 spa d |
| 040 ## - FUENTE DE LA CATALOGACIÓN |
| Agencia/entidad que catalogó originalmente la obra |
MUNICIPALIDAD PROVINCIAL DEL CUSCO |
| Entidad que transcribió la catalogación |
BIBLIOTECA MUNICIPAL DEL CUSCO |
| 082 ## - NÚMERO DE LA CLASIFICACIÓN DECIMAL DEWEY |
| No. de Clasificación |
869.9533 / |
| Notacion interna |
H71 |
| 110 ## - ENTRADA PRINCIPAL--NOMBRE DE ENTIDAD CORPORATIVA |
| Nombre de la institución, jurisdicción como entrada principal |
Universidad Nacional Mayor de San Marcos (Lima). |
| -- |
Instituto de Literatura |
| 9 (RLIN) |
17136 |
| 245 ## - MENCIÓN DE TÍTULO |
| Título |
Homenaje a Ruben Dario / |
| 260 ## - PUBLICACIÓN, DISTRIBUCIÓN, ETC. |
| Lugar de publicación, distribución, etc. |
Lima : |
| Nombre de la editorial, distribuidor, etc. |
Juridica, |
| Fecha de publicación, distribución, etc. |
1967. |
| 300 ## - DESCRIPCIÓN FÍSICA |
| Nº de Páginas Extensión |
132 paginas ; |
| Otros detalles físicos |
Ilustraciones, retratos, fasciculos, |
| Dimensiones |
22cm. |
| 440 ## - MENCIÓN DE SERIE/PUNTO DE ACCESO ADICIONAL--TÍTULO |
| Título |
Publicaciones del Instituto de Literatura de la Facultad de Letras y Ciencias Humanas de la Universidad Nacional Mayor de San Marcos |
| Número de la parte/sección de una obra |
25 |
| 9 (RLIN) |
17137 |
| 505 ## - NOTA DE CONTENIDO CON FORMATO |
| Nota de contenido formateada |
Contenido: Augusto Tamayo Vargas: La muerte de Darío y el modernismo en el Perú -- Washington Delgado: Situación social de la poesía de Rubén Darío -- Estuardo Nuñez: La imaginería oriental exotista de Rubén Darío -- José Alvarado Sánchez: Rubén Darío, materia y quintaesencia -- Emilia Romero de Valle: Rafaela Contreras de Darío -- Antología poética. |
| 650 ## - PUNTO DE ACCESO ADICIONAL DE MATERIA--TÉRMINO DE MATERIA |
| Descriptor |
Poesias |
| 9 (RLIN) |
5433 |
| 650 ## - PUNTO DE ACCESO ADICIONAL DE MATERIA--TÉRMINO DE MATERIA |
| Descriptor |
Nicaragua |
| 9 (RLIN) |
2871 |
| 650 ## - PUNTO DE ACCESO ADICIONAL DE MATERIA--TÉRMINO DE MATERIA |
| Descriptor |
Siglo XX |
| 9 (RLIN) |
8 |
| 650 ## - PUNTO DE ACCESO ADICIONAL DE MATERIA--TÉRMINO DE MATERIA |
| Descriptor |
Literatura |
| 9 (RLIN) |
83 |
| 700 ## - PUNTO DE ACCESO ADICIONAL--NOMBRE DE PERSONA |
| Nombre Personal |
Tamayo Vargas, Augusto |
| 9 (RLIN) |
1952 |
| 700 ## - PUNTO DE ACCESO ADICIONAL--NOMBRE DE PERSONA |
| Nombre Personal |
Delgado, Washington |
| 9 (RLIN) |
1113 |
| 700 ## - PUNTO DE ACCESO ADICIONAL--NOMBRE DE PERSONA |
| Nombre Personal |
Núñez, Estuardo |
| 9 (RLIN) |
2660 |
| 942 ## - ELEMENTOS DE PUNTO DE ACCESO ADICIONAL (KOHA) |
| Fuente de clasificación |
|
| Tipo de item |
Libros-BMC |
| 945 ## - PROCESAMIENTO DE INFORMACIÓN LOCAL (OCLC) |
| Catalogador |
pjha |